The role of parks and urban spaces in urban vitality (Record no. 103432)

MARC details
000 -LEADER
fixed length control field 01275cam a2200313 4500
008 - FIXED-LENGTH DATA ELEMENTS--GENERAL INFORMATION
fixed length control field 040323n2004 000 0 eng u
020 ## - INTERNATIONAL STANDARD BOOK NUMBER
International Standard Book Number 184219187X
035 ## - SYSTEM CONTROL NUMBER
System control number (Sirsi) u125540
041 ## - LANGUAGE CODE
Language code of text/sound track or separate title eng
050 ## - LIBRARY OF CONGRESS CALL NUMBER
Classification number 711.52
-- 18
100 ## - MAIN ENTRY--PERSONAL NAME
Personal name Swanwick, Carys
245 #4 - TITLE STATEMENT
Title The role of parks and urban spaces in urban vitality
Remainder of title the research agenda
260 ## - PUBLICATION, DISTRIBUTION, ETC.
Place of publication, distribution, etc. London
Name of publisher, distributor, etc. RICS Foundation
Date of publication, distribution, etc. 2004
300 ## - PHYSICAL DESCRIPTION
Extent 31p.
Dimensions 30cm.
490 ## - SERIES STATEMENT
Series statement RICS Foundation Scoping Studies
520 ## - SUMMARY, ETC.
Summary, etc. This report explores the contribution that parks and open spaces make to urban vitality. The paper identifies three broad themes to focus research on: the relationships between open spaces and vitality in commercial centres; open spaces and the development of neighbourhood vitality; and the role of parks and open spaces in altering the perceptions of cities. Bibliography.
650 ## - SUBJECT ADDED ENTRY--TOPICAL TERM
Topical term or geographic name entry element OPEN SPACES
650 ## - SUBJECT ADDED ENTRY--TOPICAL TERM
Topical term or geographic name entry element URBAN AREAS
650 ## - SUBJECT ADDED ENTRY--TOPICAL TERM
Topical term or geographic name entry element PARKS
650 ## - SUBJECT ADDED ENTRY--TOPICAL TERM
Topical term or geographic name entry element URBAN RENEWAL
650 ## - SUBJECT ADDED ENTRY--TOPICAL TERM
Topical term or geographic name entry element GREEN SPACES
690 ## - LOCAL SUBJECT ADDED ENTRY--TOPICAL TERM (OCLC, RLIN)
Topical term or geographic name as entry element REGENERATION
700 ## - ADDED ENTRY--PERSONAL NAME
Personal name Hinchley, Andrew
700 ## - ADDED ENTRY--PERSONAL NAME
Personal name Woolley, Helen
700 ## - ADDED ENTRY--PERSONAL NAME
Personal name Dunnett, Nigel
710 ## - ADDED ENTRY--CORPORATE NAME
Corporate name or jurisdiction name as entry element Royal Institution of Chartered Surveyors
Subordinate unit Foundation
9 (RLIN) 4173
710 ## - ADDED ENTRY--CORPORATE NAME
Corporate name or jurisdiction name as entry element University of Sheffield Department of Landscape
9 (RLIN) 4664
942 ## - ADDED ENTRY ELEMENTS (KOHA)
Suppress in OPAC 0
Holdings
Withdrawn status Lost status Source of classification or shelving scheme Damaged status Not for loan Home library Current library Shelving location Date acquired Total Checkouts Full call number Barcode Date last seen Copy number Price effective from Koha item type
    Dewey Decimal Classification     London London RICS Boxes 20/12/2004   RICS 2004/33 30067385 06/08/2019 1 06/08/2019 Reference material
    Dewey Decimal Classification     Virtual Virtual Online 20/12/2004   ONLINE PUBLICATION 125540-2001 06/08/2019 1 06/08/2019 Book